| 000 | 00464nam a22001697a 4500 | ||
|---|---|---|---|
| 003 | NUST - PNEC | ||
| 005 | 20170116181012.0 | ||
| 008 | 150913b xxu||||| |||| 00| 0 eng d | ||
| 020 | _a- | ||
| 040 | _cLIBRARY | ||
| 082 | _a621.822 CON | ||
| 100 |
_910276 _aConti, Glovanni |
||
| 245 |
_aAntifriction bearings Vol 2: applications of antifriction bearings _cGlovanni Conti |
||
| 250 | _a2nd ed. | ||
| 650 |
_910288 _aAntifriction bearings _xEE |
||
| 942 |
_2ddc _cBK |
||
| 999 |
_c67157 _d67157 |
||